000 00938nam a22001577a 4500
003 LRUA
005 20200210151618.0
008 200210b xxu||||| |||| 00| 0 eng d
040 _cRUA
082 _aAVM NGO 2018 B658 Or.1
100 _914169
_aNGOEM RA ងឺម​ រ៉ា
245 _ausing of ginger (zingiber officinale) as anti eimeria spp in digestive system of three blood chicken at veteterinary research station of fvm-rua ការប្រើប្រាស់ខ្ងីប្រឆាំង​ eimeria spp ក្នុងប្រព័ន្ឋប្រដាប់រំលាយអាហារមាន់សាច់បីឈាមនៅស្ថានីយស្រាវជ្រាវវេជ្ជសាស្រ្តសត្វនៃសាកលវិទ្យាល័យភូមិន្ទកសិកម្ម
260 _arua
_bphnom penh
_c2018
300 _aix.39p
_bill;
_c29cm
942 _2ddc
_cAVM
999 _c18904
_d18904